Encyclopedia of education

Guardado en:
Detalles Bibliográficos
Formato: Libro
Lenguaje:Undetermined
Publicado: Tōkyō 1972
Materias:
Etiquetas: Agregar Etiqueta
Sin Etiquetas, Sea el primero en etiquetar este registro!
Thư viện lưu trữ: Trung tâm Học liệu Trường Đại học Cần Thơ
LEADER 00426nam a2200157Ia 4500
001 CTU_236348
008 210402s9999 xx 000 0 und d
082 |a 370.3 
082 |b E56 
245 0 |a Encyclopedia of education 
260 |a Tōkyō 
260 |c 1972 
650 |a Education,Giáo dục 
650 |x Encyclopedias,Bách khoa thư 
910 |b dqhieu 
980 |a Trung tâm Học liệu Trường Đại học Cần Thơ